Návrh a realizácia riadiaceho programu a vizualizácie pre vybranú časť linky MPS500 so zberom dát
Guardado en:
| Autor principal: | |
|---|---|
| Otros Autores: | |
| Formato: | Manuscrito Libro |
| Lenguaje: | eslovaco |
| Publicado: |
2021
|
| Materias: | |
| Acceso en línea: | http://is.stuba.sk/zp/portal_zp.pl?podrobnosti=161583 |
| Etiquetas: |
Sin Etiquetas, Sea el primero en etiquetar este registro!
|
MARC
| LEADER | 00000ntm a22000003a 4500 | ||
|---|---|---|---|
| 001 | stuzp83478 | ||
| 003 | SK-STU | ||
| 005 | 20210703212001.8 | ||
| 007 | ta | ||
| 008 | 150427s2015----xo-----f-mn---000-0-slo-d | ||
| 040 | |a STU |b slo | ||
| 041 | 0 | |a slo | |
| 100 | 1 | |a Horváth, Adam |u 066000 |4 aut |U MTF Materiálovotechnologická fakulta |T MTF Ústav aplikovanej informatiky, automatizácie a mechatroniky |X 85405 |U M6000 |Y 86 |7 85405 | |
| 242 | 0 | 1 | |a Design and realization of control program and visualization for choosen part of line MPS500 with data collection |y eng |
| 245 | 1 | 0 | |a Návrh a realizácia riadiaceho programu a vizualizácie pre vybranú časť linky MPS500 so zberom dát |
| 260 | |c 2021 | ||
| 650 | 4 | |a PLC |2 slo | |
| 650 | 4 | |a Databáza |2 slo | |
| 650 | 4 | |a Tia Portál |2 slo | |
| 650 | 4 | |a Vizualizácia |2 slo | |
| 650 | 4 | |a PLC |2 eng | |
| 650 | 4 | |a Tia Portal |2 eng | |
| 650 | 4 | |a Visualisation |2 eng | |
| 650 | 4 | |a Database |2 eng | |
| 700 | 1 | |a Bartoň, Martin |u 066000 |k Z3 |4 ths |U MTF Materiálovotechnologická fakulta |T MTF Ústav aplikovanej informatiky, automatizácie a mechatroniky |X 71659 |U M6000 |Y 86 |7 71659 | |
| 856 | 4 | |u http://is.stuba.sk/zp/portal_zp.pl?podrobnosti=161583 | |
| 996 | |c M* BP-9080 |l MMSKP |s P |a 0 |w stuzp83478_0001 | ||